[Event "Bayern KO"]
[Site "SchemingMind.com"]
[Date "2017.12.18"]
[Round "-"]
[White "frankly"]
[Black "Don71"]
[Result "1-0"]
[WhiteCountry "ENG"]
[BlackCountry "NIR"]
[WhiteElo "2668"]
[WhiteRD "64"]
[BlackElo "2313"]
[BlackRD "99"]
[GameID "422057"]

1. d4 Nf6 2. Nf3 d5 3. c4 e6 4. g3 dxc4 5. Bg2 Bb4+ 6. Bd2 c5 7. Bxb4 cxb4 8. Ne5 O-O 9. Nxc4 Qc7 10. Nbd2 Nc6
11. e3 e5 12. d5 Na5 13. Nxa5 Qxa5 14. O-O Bg4 15. Qb3 Rfd8 16. e4 Rac8 17. Nc4 Qc7 18. Ne3 Qc5 19. a3 bxa3 20. Qxa3 Qxa3
21. Rxa3 Be2 22. Re1 Ba6 23. Bh3 Rc7 24. f3 h5 25. Ra5 Ne8 26. b4 Nd6 27. Nf5 Nxf5 28. Bxf5 Bd3 29. Rc5 Rxc5 30. bxc5 g6
31. Bh3 Bb5 32. Rb1 a6 33. Bf1 Bxf1 34. Kxf1 Rd7 35. Ke2 Kf8 36. f4 exf4 37. gxf4 Rc7 38. d6 Rxc5 39. Rxb7 Rb5 40. Rxb5 axb5
41. h4
1-0

[Event "Bayern KO"]
[Site "SchemingMind.com"]
[Date "2017.12.18"]
[Round "-"]
[White "Don71"]
[Black "frankly"]
[Result "0-1"]
[WhiteCountry "NIR"]
[BlackCountry "ENG"]
[WhiteElo "2307"]
[WhiteRD "102"]
[BlackElo "2669"]
[BlackRD "65"]
[GameID "422058"]

1. e4 e5 2. Nf3 Nc6 3. Bb5 a6 4. Ba4 Nf6 5. Nc3 b5 6. Bb3 Be7 7. d3 d6 8. a4 b4 9. Nd5 Na5 10. Ba2 Nxd5
11. Bxd5 Rb8 12. O-O c6 13. Ba2 O-O 14. Bd2 Qc7 15. Ng5 c5 16. Bd5 Bb7 17. Bxb7 Qxb7 18. Qh5 Bxg5 19. Qxg5 Qd7 20. f4 f6
21. Qh5 Nc6 22. Be3 Nd4 23. Qd1 b3 24. Bxd4 exd4 25. cxb3 Qe6 26. Ra3 h6 27. f5 Qf7 28. Qc2 Rb4 29. Rf2 Rfb8 30. g4 Rxb3
31. Rxb3 Qxb3 32. Kg2 Qxc2 33. Rxc2 Rb3 34. Rd2 Rb4 35. a5 Ra4 36. Rc2 Kf7 37. Kf3 Rxa5 38. Rc1 Ra2 39. Rb1 Ra4 40. Ke2 a5
41. h3 Ke7 42. h4 Ra2 43. Kf3 a4 44. Kf4 Kd7
0-1

[Event "Bayern KO"]
[Site "SchemingMind.com"]
[Date "2018.02.03"]
[Round "-"]
[White "Scooter"]
[Black "kenneth m day"]
[Result "0-1"]
[WhiteCountry "USA"]
[BlackCountry "USA"]
[WhiteElo "1728"]
[WhiteRD "52"]
[BlackElo "1717"]
[BlackRD "58"]
[GameID "424317"]

1. d4 d6 2. Nf3 Nf6 3. Bf4 g6 4. e3 Bg7 5. Be2 O-O 6. O-O Nbd7 7. Nbd2 c5 8. c3 b6 9. Qc2 Bb7 10. c4 Rc8
11. d5 Nh5 12. Rab1 Nxf4 13. exf4 b5 14. b3 bxc4 15. bxc4 Ba8 16. f5 Nf6 17. fxg6 fxg6 18. Ne4 e6 19. dxe6 Bxe4 20. Bd3 Bxf3
21. gxf3 Re8 22. Rfe1 Re7 23. Be4 Nxe4 24. Rxe4 Qf8 25. Qd3 Rd8 26. Re2 Be5 27. Rd1 Rxe6
0-1

[Event "Bayern KO"]
[Site "SchemingMind.com"]
[Date "2018.02.03"]
[Round "-"]
[White "kenneth m day"]
[Black "Scooter"]
[Result "0-1"]
[WhiteCountry "USA"]
[BlackCountry "USA"]
[WhiteElo "1717"]
[WhiteRD "58"]
[BlackElo "1728"]
[BlackRD "52"]
[GameID "424318"]

1. c4 Nf6 2. Nc3 c6 3. e4 d6 4. d4 e5 5. dxe5 dxe5 6. Qxd8+ Kxd8 7. Bg5 Be7 8. O-O-O+ Nbd7 9. Nf3 Kc7 10. Bh4 Bb4
11. Bd3 Bxc3 12. bxc3 Re8 13. Rd2 Nc5 14. Bb1 Ncxe4 15. Bxe4 Nxe4 16. Rd3 f6 17. Nd2 Nxd2 18. Kxd2 Rd8 19. Rxd8 Kxd8 20. Rd1 Ke7
21. Ke3 Be6 22. f4 exf4+ 23. Kxf4 g5+ 24. Bxg5 fxg5+ 25. Kxg5 Rg8+ 26. Kh6 Rxg2 27. Kxh7 Rxh2+ 28. Kg6 Rxa2 29. Re1 Rg2+ 30. Kh5 Kf6
31. Rh1 Bxc4 32. Kh4 Rg8 33. Re1 a5
0-1

[Event "Bayern KO"]
[Site "SchemingMind.com"]
[Date "2018.02.17"]
[Round "-"]
[White "smothered mate"]
[Black "Clive Everill"]
[Result "1-0"]
[WhiteCountry "POL"]
[BlackCountry "CZE"]
[WhiteElo "2078"]
[WhiteRD "80"]
[BlackElo "1725"]
[BlackRD "57"]
[GameID "424779"]

1. e4 c5 2. Nf3 d6 3. c3 Nf6 4. Be2 g6 5. O-O Bg7 6. d4 Nxe4 7. d5 Bd7 8. Be3 b5 9. a4 bxa4 10. Na3 a6
11. h3 O-O 12. Nh2 Qc8 13. Nc4 Bb5 14. Nb6 Bxe2 15. Qxe2 Qb7 16. Nxa8 Qxa8 17. c4 Nd7 18. Qc2 Nef6 19. Rxa4 Rb8 20. Rfa1 Rb6
21. Re1 Kf8 22. Nf3 Ne8 23. Bc1 Qb8 24. Qe2 Qd8 25. Ra3 Nc7 26. h4 e5 27. dxe6 fxe6 28. Ng5 Ne5 29. f4 Nc6 30. Nxh7+ Kg8
31. Ng5 Nd4 32. Qe4 Qe8 33. h5 Kf8 34. hxg6 Qd7 35. Rh3 d5 36. Qd3 Rb3 37. Qxb3 Nxb3 38. Rxb3 dxc4 39. Rb7 Qc6 40. Rxc7 Bd4+
41. Kh1 Qd5 42. Nxe6+ Kg8 43. Rc8+
1-0

[Event "Bayern KO"]
[Site "SchemingMind.com"]
[Date "2018.02.17"]
[Round "-"]
[White "Clive Everill"]
[Black "smothered mate"]
[Result "1/2-1/2"]
[WhiteCountry "CZE"]
[BlackCountry "POL"]
[WhiteElo "1725"]
[WhiteRD "57"]
[BlackElo "2078"]
[BlackRD "80"]
[GameID "424780"]

1. d4 Nf6 2. Nc3 e6 3. Bg5 Bb4 4. Qd3 h6 5. Qh3 d5 6. Nf3 e5 7. Bxf6 gxf6 8. Qh4 exd4 9. Qxd4 c5 10. Qe3+ Be6
11. O-O-O d4 12. Nxd4 cxd4 13. Rxd4 Qa5 14. Rd5 Bxc3 15. Rxa5 Bxa5 16. g3 Nc6 17. Bh3 Nd8 18. Bxe6 Nxe6 19. f4 O-O-O 20. Qxa7 Bd2+
21. Kb1 Rhe8 22. Rd1 Nc7 23. Qf2 Be3 24. Rxd8+ Rxd8 25. Qf1 Rd2 26. a3 Ne6 27. Qf3 Bc5 28. Qc3 Rd1+ 29. Ka2 Kb8 30. Qxf6 Rd7
31. Qh8+ Ka7 32. Qxh6 Bf8 33. Qh5 Kb6 34. a4 Bg7 35. Qb5+ Kc7 36. e3 Rd6 37. f5 Nd8 38. c3 Nc6 39. e4 Rd2 40. Kb3 Rxh2
41. Qd5 Be5 42. Qxf7+ Kb6 43. g4 Na5+ 44. Ka2 Bxc3 45. Ka3 Bxb2+ 46. Kb4 Rh3 47. Qe6+ Nc6+ 48. Kc4 Rc3+=
1/2-1/2

[Event "Bayern KO"]
[Site "SchemingMind.com"]
[Date "2018.02.21"]
[Round "-"]
[White "abuteague"]
[Black "Helga1946"]
[Result "0-1"]
[WhiteCountry "USA"]
[BlackCountry "GER"]
[WhiteElo "1602"]
[WhiteRD "73"]
[BlackElo "2249"]
[BlackRD "67"]
[GameID "424982"]

1. d4 d5 2. c4 dxc4 3. a4 Nc6 4. e3 e5 5. Nf3 exd4 6. Nxd4 Nxd4 7. Qxd4 Qxd4 8. exd4 Be6 9. Nc3 Ne7 10. Be2 c6
11. O-O Nf5 12. Be3 O-O-O 13. Rad1 Bb4 14. h3 Rhe8 15. Bg4 Bxc3 16. bxc3 Nxe3 17. fxe3 Bxg4 18. hxg4 Rxe3 19. Rxf7 Rxc3 20. Rxg7 Rd7
21. Rg8+ Kc7 22. g5 Ra3 23. g6 hxg6 24. Rxg6 Rxa4 25. g4 c3 26. Rg5 Raxd4 27. Rxd4 Rxd4 28. Rc5 Rd3 29. Kg2 b5 30. g5 Kd6
0-1

[Event "Bayern KO"]
[Site "SchemingMind.com"]
[Date "2018.02.20"]
[Round "-"]
[White "Helga1946"]
[Black "abuteague"]
[Result "1-0"]
[WhiteCountry "GER"]
[BlackCountry "USA"]
[WhiteElo "2249"]
[WhiteRD "67"]
[BlackElo "1602"]
[BlackRD "73"]
[GameID "424983"]

1. e4 d6 2. d4 Nf6 3. Qd3 g6 4. a4 Bg7 5. Bg5 O-O 6. Nd2 e5 7. d5 Nbd7 8. h3 Qe8 9. a5 Nc5 10. Qe3 Bd7
11. h4 h5 12. b4 Na6 13. Bxa6 bxa6 14. Ngf3 Ng4 15. Qb3 Bh6 16. Bxh6 Nxh6 17. O-O Qc8 18. Qd3 Bg4 19. Nh2 Bd7 20. Rab1 Ng4
21. Nxg4 Bxg4 22. f4 exf4 23. Rxf4 Qd8 24. Nf3 Qc8 25. Ng5 Rb8 26. Rf6 Qb7 27. e5 Kg7 28. Rbf1 Qxb4 29. Rxf7+ Rxf7 30. Rxf7+ Kg8
31. Qxg6+
1-0

[Event "Bayern KO"]
[Site "SchemingMind.com"]
[Date "2018.03.09"]
[Round "-"]
[White "frankly"]
[Black "fu_manchu"]
[Result "1-0"]
[WhiteCountry "ENG"]
[BlackCountry "CAN"]
[WhiteElo "2633"]
[WhiteRD "68"]
[BlackElo "1824"]
[BlackRD "75"]
[GameID "425697"]

1. e4 c5 2. Nf3 d6 3. d4 cxd4 4. Nxd4 Nf6 5. Nc3 a6 6. Be3 Ng4 7. Bg5 h6 8. Bh4 g5 9. Bg3 Bg7 10. h3 Nf6
11. Qf3 Nc6 12. Nxc6 bxc6 13. e5 Nd7 14. Qxc6 Rb8 15. exd6 e6 16. O-O-O O-O 17. Qc7 Bxc3 18. Qxc3 Bb7 19. h4 f6 20. hxg5 hxg5
21. Bc4 Bxg2 22. Qd3 f5 23. Bxe6+ Kg7 24. Bxf5 Bxh1 25. Rxh1 Nf6 26. Qe3 Qb6 27. Qxg5+ Kf7 28. Qg6#
1-0

[Event "Bayern KO"]
[Site "SchemingMind.com"]
[Date "2018.03.09"]
[Round "-"]
[White "fu_manchu"]
[Black "frankly"]
[Result "0-1"]
[WhiteCountry "CAN"]
[BlackCountry "ENG"]
[WhiteElo "1824"]
[WhiteRD "75"]
[BlackElo "2633"]
[BlackRD "68"]
[GameID "425698"]

1. d4 Nf6 2. c4 d6 3. Nc3 g6 4. e4 Bg7 5. Bd3 O-O 6. Nge2 Nc6 7. a3 e5 8. d5 Nd4 9. Nxd4 exd4 10. Ne2 Re8
11. Bg5 h6 12. Bxf6 Qxf6 13. O-O h5 14. Qd2 h4 15. Qf4 a5 16. Qxf6 Bxf6 17. f4 a4 18. Kh1 Bg7 19. Rae1 Bd7 20. f5 gxf5
21. exf5 Re3 22. f6 Bh6 23. Bc2 Rae8 24. Rf2 Bg4 25. Bd1 d3 26. Ng1 Rxe1 27. Bxg4 Rxg1+ 28. Kxg1 Re1+ 29. Rf1 Be3+ 30. Kh1 Rxf1#
0-1

[Event "Bayern KO"]
[Site "SchemingMind.com"]
[Date "2018.04.03"]
[Round "-"]
[White "Helga1946"]
[Black "Kenny Elliott"]
[Result "1-0"]
[WhiteCountry "GER"]
[BlackCountry "USA"]
[WhiteElo "2249"]
[WhiteRD "67"]
[BlackElo "1543"]
[BlackRD "71"]
[GameID "426615"]

1. d4 Nf6 2. Bg5 Ne4 3. Bf4 d5 4. f3 Nf6 5. c3 e6 6. e3 Nc6 7. Bg3 Be7 8. Bd3 O-O 9. Nd2 Bd6 10. f4 h5
11. Bh4 Be7 12. Bxf6 Bxf6 13. Qxh5 g6 14. Qf3 Bd7 15. O-O-O Na5 16. h4 Bxh4 17. Qh3 c5 18. Ngf3 e5 19. f5 e4 20. Nxh4 exd3
21. Nhf3 f6 22. Qh7#
1-0

[Event "Bayern KO"]
[Site "SchemingMind.com"]
[Date "2018.04.04"]
[Round "-"]
[White "Kenny Elliott"]
[Black "Helga1946"]
[Result "0-1"]
[WhiteCountry "USA"]
[BlackCountry "GER"]
[WhiteElo "1528"]
[WhiteRD "70"]
[BlackElo "2265"]
[BlackRD "60"]
[GameID "426616"]

1. d4 d5 2. c4 dxc4 3. Nc3 c6 4. e4 b5 5. Nf3 Nf6 6. Bg5 Bg4 7. Be2 b4 8. e5 bxc3 9. bxc3 Nd5 10. Bd2 Nb6
11. O-O Bf5 12. a4 a5 13. Ng5 h6 14. Nxf7 Kxf7 15. Bh5+ Kg8 16. Qf3 g6 17. Bg4 Qc8 18. Bxf5 Qxf5 19. Qe2 e6 20. g4 Qd3
21. Qd1 Nd5 22. Rc1 c5 23. h4 cxd4 24. cxd4 Qxd4 25. Qe2 c3 26. Rfd1 cxd2 27. Rxd2 Qxa4 28. Rc8 h5 29. Rxf8+ Kxf8 30. Qf3+ Ke8
0-1

[Event "Bayern KO"]
[Site "SchemingMind.com"]
[Date "2018.04.12"]
[Round "-"]
[White "Scooter"]
[Black "frankly"]
[Result "0-1"]
[WhiteCountry "USA"]
[BlackCountry "ENG"]
[WhiteElo "1728"]
[WhiteRD "52"]
[BlackElo "2633"]
[BlackRD "68"]
[GameID "426911"]

1. d4 Nf6 2. Nf3 e6 3. Bg5 c5 4. e3 h6 5. Bxf6 Qxf6 6. c3 b6 7. Bb5 Bb7 8. Nbd2 Qd8 9. O-O Be7 10. Ne5 a6
11. Bd3 d6 12. Nef3 Nd7 13. Qc2 b5 14. Be4 d5 15. Bd3 c4 16. Be2 Qc7 17. e4 dxe4 18. Nxe4 O-O 19. Rfe1 Rfd8 20. Rad1 Re8
21. Ned2 Bd6 22. Ne4 Bf8 23. Nfd2 Rad8 24. Bf3 e5 25. dxe5 Nxe5 26. Be2 Qc6 27. f3 f5 28. Nf2 Bc5 29. Qxf5 Qb6 30. Rf1 Nd3
31. Bxd3 Rxd3 32. Ne4 Bxe4 33. fxe4 Rf8
0-1

[Event "Bayern KO"]
[Site "SchemingMind.com"]
[Date "2018.04.11"]
[Round "-"]
[White "frankly"]
[Black "Scooter"]
[Result "1-0"]
[WhiteCountry "ENG"]
[BlackCountry "USA"]
[WhiteElo "2633"]
[WhiteRD "68"]
[BlackElo "1728"]
[BlackRD "52"]
[GameID "426912"]

1. e4 c6 2. d4 d5 3. e5 Bf5 4. Nf3 e6 5. Be2 Nd7 6. O-O c5 7. c4 dxc4 8. Bxc4 cxd4 9. Nxd4 Bxb1 10. Rxb1 Qc7
11. Qb3 a6 12. Rd1 b5 13. Nxb5 axb5 14. Bxb5 Rd8 15. Be3
1-0